Francisco de Zurbaran / (Record no. 108076)

MARC details
000 -LEADER
campo de control de longitud fija 00512nam a2200181 i 4500
001 - NÚMERO DE CONTROL
campo de control 108076
003 - IDENTIFICADOR DE NÚMERO DE CONTROL
campo de control ES-MaACL
005 - FECHA Y HORA DE LA ÚLTIMA TRANSACCIÓN
campo de control 20250623173237.0
007 - CAMPO FIJO DE DESCRIPCIÓN FÍSICA--INFORMACIÓN GENERAL
campo de control de longitud fija t|
008 - DATOS DE LONGITUD FIJA--INFORMACIÓN GENERAL
campo de control de longitud fija 070119s1918 gw ||||1| ger d
100 1# - ENTRADA PRINCIPAL--NOMBRE DE PERSONA
Nombre de persona Kehrer, Hugo.
9 (RLIN) 67725
245 10 - MENCIÓN DEL TÍTULO
Título Francisco de Zurbaran /
Mención de responsabilidad, etc. von Hugo Kehrer.
260 ## - PUBLICACIÓN, DISTRIBUCIÓN, ETC.
Lugar de publicación, distribución, etc. München :
Nombre del editor, distribuidor, etc. Hugo Schmidt,
Fecha de publicación, distribución, etc. [1918?]
300 ## - DESCRIPCIÓN FÍSICA
Extensión 168 p., 87 lám. ;
Dimensiones 25 cm.
700 1# - ENTRADA AGREGADA--NOMBRE PERSONAL
Nombre de persona Zurbarán, Francisco de,
Fechas asociadas al nombre 1598-1664
9 (RLIN) 240980
852 ## - LOCALIZACIÓN
Ubicación ES-MaACL
Número de control de estantería F-1728
Holdings
Estatus retirado Estado de pérdida Estado de daño No para préstamo Biblioteca de origen Biblioteca actual Ubicación en estantería Fecha de adquisición Fuente de adquisición Total de préstamos Signatura topográfica completa Código de barras Visto por última vez Precio de reemplazo Tipo de ítem Koha
        Biblioteca del Ateneo de Madrid Biblioteca del Ateneo de Madrid Depósito 2 17/01/2008     F-1728 1112781 23/02/2023 23/02/2023 Libro impreso